| 000 | 00728nam a2200181 a 4500 | ||
|---|---|---|---|
| 005 | 20221118063512.0 | ||
| 008 | 991125s1921 mx 000 0 spa u | ||
| 035 | _aUPN01000030269 | ||
| 049 | _aLT | ||
| 050 | 4 |
_aLB1573 M6.3 _bI58 |
|
| 245 | 0 | 0 |
_aInfancia : _bsegundo libro de lectura : para uso de los niños que cursan el tercer año de educación primaria elemental : colección de composiciones literarias _bpara uso de los niños que cursan el tercer año de educación primaria elementa / |
| 260 |
_aMéxico : _bAguilas, _c1921. |
||
| 300 |
_a206 p. : _bil. |
||
| 650 | 4 |
_aLectura _xEstudio y enseñanza (Elemental) _92805 |
|
| 700 | 1 |
_aAyala, Abel _ecomp. _928868 |
|
| 700 | 1 |
_aPons, Antonio, _ecomp. _931144 |
|
| 905 | _aLibro | ||
| 999 |
_c30269 _d30269 |
||